Un año después de las elecciones: reflexiones sobre los nuevos actores y escenarios en el espacio político nacional /
Guardado en:
| Hovedforfatter: | |
|---|---|
| Format: | Texto |
| Fag: | |
| Tags: |
Tilføj Tag
Ingen Tags, Vær først til at tagge denne postø!
|
MARC
| LEADER | 00000 a a2200000 04500 | ||
|---|---|---|---|
| 001 | 17132 | ||
| 003 | |||
| 040 | |||
| 100 | |a Duncan Linch, Pablo | ||
| 245 | |a Un año después de las elecciones: |b reflexiones sobre los nuevos actores y escenarios en el espacio político nacional / |c Pablo Duncan Linch | ||
| 650 | |a ELECCIONES | ||
| 650 | |a VOTACION | ||
| 650 | |a POLITICA | ||
| 650 | |a ESTADO | ||
| 650 | |a DEMOCRACIA | ||
| 650 | |a PARTIDOS POLITICOS | ||
| 650 | |a CORRUPCION | ||
| 650 | |a SOCIEDAD CIVIL | ||
| 650 | |a ENCUESTAS | ||
| 773 | |g volumen 7, número 1; páginas 609-639 | ||
| 999 | |c 23420 |d 23420 | ||
